000 00188 a2200097 4500
001 12011
100 _aNovak, W.
245 _aIacocea
260 _a
_bBantam book
_c
090 _c9263
_d9263
942 _aNUST-CAE
_cM
_c36115
999 _c247084
_d247084